Etica e ingeniería
Պահպանված է:
| Հիմնական հեղինակ: | |
|---|---|
| Այլ հեղինակներ: | |
| Ձևաչափ: | Գիրք |
| Լեզու: | իսպաներեն |
| Հրապարակվել է: |
Valladolid, España.
Universidad de Valladolid,
2010
|
| Շարք: | Acceso al Saber. Serie Filosofía, 4
|
| Խորագրեր: | |
| Ցուցիչներ: |
Ավելացրեք ցուցիչ
Չկան պիտակներ, Եղեք առաջինը, ով նշում է այս գրառումը!
|
MARC
| LEADER | 00000cam a2200000 a 4500 | ||
|---|---|---|---|
| 001 | UCC9614 | ||
| 003 | CL-VaPUC | ||
| 005 | 20220221155840.0 | ||
| 008 | 191010e20100000sp |||||||||||||||||spa|d | ||
| 999 | |c 375762 |d 375760 | ||
| 020 | |a 9788484485384 | ||
| 040 | |c Pontificia Universidad Católica de Valparaíso | ||
| 082 | 0 | 4 | |a 174.962 BEN 2010 |2 21 |
| 100 | 0 | |a Bengoetxea, Juan Bautista |e author |9 604737 | |
| 245 | 1 | 0 | |a Etica e ingeniería |
| 260 | |a Valladolid, España. |b Universidad de Valladolid, |c 2010 | ||
| 300 | |a 153 páginas | ||
| 490 | 0 | |a Acceso al Saber. Serie Filosofía, 4 | |
| 583 | |a last modification |c 20191010 15:29:00 |k Rodrigo Vera | ||
| 650 | 0 | |a Etica profesional |9 255694 | |
| 650 | 0 | |a Ingenieros |9 361359 | |
| 650 | 0 | |a Responsabilidad social |9 339076 | |
| 700 | |a Mitcham, Carl |e autor |9 604738 | ||
| 942 | |c BK |2 ddc | ||
| 945 | |d 20191010 15:29:00 |a cmena | ||
| 952 | |0 0 |1 0 |3 erb |4 0 |6 174_962000000000000_BEN_2010 |7 0 |8 R |9 494811 |a BIBING |b BIBING |i 5563526 |o 174.962 BEN 2010 |p 5563526 |r 2025-01-20 |w 2019-11-24 |y BK_R |z Catalogado en:20191010 |k EII | ||